| 000 | 01409nam a2200409 a 4500 | ||
|---|---|---|---|
| 001 | 60491 | ||
| 003 | CO-BoRNBP | ||
| 005 | 20260216201121.0 | ||
| 007 | t | ||
| 008 | 190410s2018 ck a gr 000 f spa d | ||
| 020 | _a9789583057182 | ||
| 040 |
_aCO-BoBLA _bspa _dCO-BoBLA _erda _c0 |
||
| 041 | _aspa | ||
| 043 | _as-ck--- | ||
| 082 | 0 | 4 |
_aCo863.6 _bM35d8 _219 |
| 084 | _aN MEN23 | ||
| 100 | 1 |
_aMendoza Luna, Miguel, _d1973- _962706 |
|
| 245 | 1 | 4 |
_aLos diarios secretos de las chicas (in)completas / _cMiguel Mendoza Luna ; ilustraciones Ximena Arias. |
| 250 | _a1a. edición | ||
| 264 |
_aBogotá : _bPanamericana Editorial, _c2018. |
||
| 300 |
_a303 páginas : _bilustraciones ; _c21 cm. |
||
| 336 |
_atext _btxt _2rdacontent |
||
| 337 |
_aunmediated _bn _2rdamedia |
||
| 338 |
_avolume _bnc _2rdacarrier |
||
| 490 | 1 | _aColección jóvenes adultos | |
| 650 | 7 |
_aAdolescencia _v Novela juvenil. _2BLAAUTO _968814 |
|
| 650 | 7 |
_aAmistad _vNovela juvenil. _2BLAAUTO _959120 |
|
| 650 | 7 |
_aEnfermos con neoplasias _v Novela juvenil. _2BLAAUTO _968815 |
|
| 650 | 7 |
_aFantasía _vNovela juvenil. _2BLAAUTO _968816 |
|
| 650 | 7 |
_aNovela juvenil colombiana. _2BLAAUTO _923343 |
|
| 700 | 1 |
_aArias, Ximena, _eilustradora. _968817 |
|
| 830 | 0 | _aPrograma de catalogación en la publicación | |
| 830 | 1 |
_aColección jóvenes adultos _968818 |
|
| 942 |
_2ddc _cBK |
||
| 949 |
_ac _bc |
||
| 960 | _aNormalizados-2025 | ||
| 999 |
_c60491 _d60491 |
||